ARRUPE JESUIT UNIVERSITY

CORONAVIRUS -STOP THE SPREAD - CLEAN,DISINFECT,COVER

Treasures of Irish art, 1500 B.C.-1500 A.D. : (Record no. 126057)

MARC details
000 -LEADER
fixed length control field 01551cam a2200373 a 4500
001 - CONTROL NUMBER
control field 2901804
003 - CONTROL NUMBER IDENTIFIER
control field ARRUPE
005 - DATE AND TIME OF LATEST TRANSACTION
control field 20170208115536.0
008 - FIXED-LENGTH DATA ELEMENTS--GENERAL INFORMATION
fixed length control field 870717s1977 nyua c 000 0 eng
010 ## - LIBRARY OF CONGRESS CONTROL NUMBER
LC control number 87157127
020 ## - INTERNATIONAL STANDARD BOOK NUMBER
International Standard Book Number 0394428072
040 ## - CATALOGING SOURCE
Original cataloging agency DLC
Transcribing agency DLC
Modifying agency DLC
043 ## - GEOGRAPHIC AREA CODE
Geographic area code e-ie---
050 00 - LIBRARY OF CONGRESS CALL NUMBER
Classification number N6782
Item number .T727 1977
082 00 - DEWEY DECIMAL CLASSIFICATION NUMBER
Classification number 709/.415/074013
Edition number 19
300 ## - PHYSICAL DESCRIPTION
Other physical details ill. (some col.) ;
Dimensions 29 cm.
130 0# - MAIN ENTRY--UNIFORM TITLE
Uniform title Treasures of early Irish art, 1500 B.C. to 1500 A.D.
9 (RLIN) 28638
245 10 - TITLE STATEMENT
Title Treasures of Irish art, 1500 B.C.-1500 A.D. :
Remainder of title from the collections of the National Museum of Ireland, Royal Irish Academy, Trinity College, Dublin /
Statement of responsibility, etc G. Frank Mitchell ... [et al.] ; photography by Lee Boltin and others.
260 ## - PUBLICATION, DISTRIBUTION, ETC. (IMPRINT)
Place of publication, distribution, etc New York :
Name of publisher, distributor, etc Metropolitan Museum of Art :
-- A.A. Knopf,
Date of publication, distribution, etc 1977.
300 ## - PHYSICAL DESCRIPTION
Extent 221 p. :
500 ## - GENERAL NOTE
General note Also published under title: Treasures of early Irish art, 1500 B.C. to 1500 A.D.
504 ## - BIBLIOGRAPHY, ETC. NOTE
Bibliography, etc Bibliography: p. 221.
650 #0 - SUBJECT ADDED ENTRY--TOPICAL TERM
Topical term or geographic name as entry element Art, Irish
General subdivision Exhibitions.
9 (RLIN) 28639
650 #0 - SUBJECT ADDED ENTRY--TOPICAL TERM
Topical term or geographic name as entry element Art, Prehistoric
Geographic subdivision Ireland
General subdivision Exhibitions.
9 (RLIN) 28640
650 #0 - SUBJECT ADDED ENTRY--TOPICAL TERM
Topical term or geographic name as entry element Art, Ancient
Geographic subdivision Ireland
General subdivision Exhibitions.
9 (RLIN) 28641
650 #0 - SUBJECT ADDED ENTRY--TOPICAL TERM
Topical term or geographic name as entry element Art, Medieval
Geographic subdivision Ireland
General subdivision Exhibitions.
9 (RLIN) 28642
700 1# - ADDED ENTRY--PERSONAL NAME
Personal name Mitchell, G. Frank
Fuller form of name (George Frank),
Dates associated with a name 1912-
9 (RLIN) 28643
700 1# - ADDED ENTRY--PERSONAL NAME
Personal name Boltin, Lee.
9 (RLIN) 28644
710 2# - ADDED ENTRY--CORPORATE NAME
Corporate name or jurisdiction name as entry element National Museum of Ireland.
9 (RLIN) 28645
710 2# - ADDED ENTRY--CORPORATE NAME
Corporate name or jurisdiction name as entry element Royal Irish Academy.
9 (RLIN) 28646
710 2# - ADDED ENTRY--CORPORATE NAME
Corporate name or jurisdiction name as entry element Trinity College (Dublin, Ireland)
9 (RLIN) 2749
906 ## - LOCAL DATA ELEMENT F, LDF (RLIN)
a 7
b cbc
c orignew
d 2
e ncip
f 19
g y-gencatlg
942 ## - ADDED ENTRY ELEMENTS (KOHA)
Source of classification or shelving scheme Library of Congress Classification
Koha item type Monograph ( Printed materials)
Holdings
Withdrawn status Lost status Source of classification or shelving scheme Damaged status Not for loan Collection code Home library Current library Shelving location Date acquired Total Checkouts Full call number Barcode Date last seen Price effective from Koha item type
    Library of Congress Classification     Main Collection ARRUPE LIBRARY ARRUPE LIBRARY Main Collection 08/02/2017   L. N6782 .T73 1977 46500023987 08/02/2017 08/02/2017 Monograph ( Printed materials)

 

Arrupe Library. PO Box MP320 Mt Pleasant, Harare, Zimbabwe
263 242 745411|librarian@aju.ac.zw